000 00526nam a2200097Ia 4500
008 170517s9999 xx 000 0 und d
245 4 _aThe Genius of Mozart
300 _aAn enlightening and enveloping reconstruction of Wolfgang Amadeus Mozart's (1756--1791) life. Masterfully written and directed, every aspect of the film has been given thorough thought in order to ensure an accurate historical reconstruction. Inspirational performances...
650 _xArt.
856 _uhttp://topdocumentaryfilms.com/the-genius-of-mozart/
999 _c333199
_d333199